Thiết lập hệ phương trình động lượng tử mô tả tương tác tham số giữa phônn âm và phônn quang trong hố lượng tử
Cơ sở lý thuyết. Tìm hiểu về hố lượng tử. Tìm hiểu về phonon. Thiết lập hệ phương trình động lượng tử mô tả tương tác tham số giữa phônn âm và phônn quang trong hố lượng tử
Gardado en:
| Autor Principal: | |
|---|---|
| Outros autores: | |
| Formato: | Libro |
| Idioma: | Vietnamese |
| Publicado: |
Đại học Đà Nẵng
Trường đại học Sư Phạm
2011
|
| Series: | Khóa luận tốt nghiệp đại học. Chuyên ngành: Sư phạm Lý
|
| Những chủ đề: | |
| Các nhãn: |
Engadir etiqueta
Sen Etiquetas, Sexa o primeiro en etiquetar este rexistro!
|
| Thư viện lưu trữ: | Mạng thư viện Đại học Đà Nẵng |
|---|
| LEADER | 01596nam a2200349 4500 | ||
|---|---|---|---|
| 001 | 000012214 | ||
| 003 | 8507 | ||
| 005 | 20120216150209.0 | ||
| 008 | 120216s2011 viesd | ||
| 041 | |a vie | ||
| 072 | |a Khóa luận tốt nghiệp | ||
| 082 | |a 537.5 |b LE-C | ||
| 100 | |a Lê, Thị Hồng Cẩn | ||
| 245 | |a Thiết lập hệ phương trình động lượng tử mô tả tương tác tham số giữa phônn âm và phônn quang trong hố lượng tử |c Lê, Thị Hồng Cẩn | ||
| 260 | |a Đại học Đà Nẵng |b Trường đại học Sư Phạm |c 2011 | ||
| 300 | |a 54 tr. |c 29 cm | ||
| 490 | |a Khóa luận tốt nghiệp đại học. Chuyên ngành: Sư phạm Lý | ||
| 500 | |a Tham khảo 54 | ||
| 520 | |a Cơ sở lý thuyết. Tìm hiểu về hố lượng tử. Tìm hiểu về phonon. Thiết lập hệ phương trình động lượng tử mô tả tương tác tham số giữa phônn âm và phônn quang trong hố lượng tử | ||
| 653 | |a Khóa luận tốt nghiệp đại học | ||
| 653 | |a Khoa Vật lý | ||
| 700 | |a Nguyễn, Nhật Quang |c Th.S |e Hướng dẫn | ||
| OWN | |a LSP | ||
| AVA | |a UDN50 |b LSP |d 537.5 LE-C |e available |t Error 5001 Not defined in file expand_doc_bib_avail. |f 1 |g 0 |h N |i 0 |k 1 | ||
| 999 | |a From the UDN01 | ||
| AVA | |a UDN50 |b LSP |d 537.5 LE-C |e available |t Error 5001 Not defined in file expand_doc_bib_avail. |f 1 |g 0 |h N |i 0 |k 1 | ||
| TYP | |a Monograph | ||
| TYP | |a Printed language | ||
| 980 | |a Mạng thư viện Đại học Đà Nẵng | ||